Kursus Induksi Perkhidmatan Awam dan Kenegaraan / (Record no. 203)

000 -LEADER
fixed length control field nam a22 a 4500
003 - CONTROL NUMBER IDENTIFIER
control field AKMAL
005 - DATE AND TIME OF LATEST TRANSACTION
control field 20170426102938.0
008 - FIXED-LENGTH DATA ELEMENTS--GENERAL INFORMATION
fixed length control field 170426s2010 my a e | 000 0 may d
020 ## - INTERNATIONAL STANDARD BOOK NUMBER
International Standard Book Number 9789675451034 (kkt.)
082 04 - DEWEY DECIMAL CLASSIFICATION NUMBER
Classification number 351.595 MOK
Edition number 22
090 00 - LOCALLY ASSIGNED LC-TYPE CALL NUMBER (OCLC); LOCAL CALL NUMBER (RLIN)
Classification number (OCLC) (R) ; Classification number, CALL (RLIN) (NR) 351.595
Local cutter number (OCLC) ; Book number/undivided call number, CALL (RLIN) MOK
100 1# - MAIN ENTRY--PERSONAL NAME
Personal name Mok, Soon Sang,
Dates associated with a name 1942-
9 (RLIN) 457
245 10 - TITLE STATEMENT
Title Kursus Induksi Perkhidmatan Awam dan Kenegaraan /
Statement of responsibility, etc. Mok Soon Seng
250 ## - EDITION STATEMENT
Edition statement Ed. ke-2
260 ## - PUBLICATION, DISTRIBUTION, ETC.
Place of publication, distribution, etc. Puchong, Selangor :
Name of publisher, distributor, etc. Penerbitan Multimedia,
Date of publication, distribution, etc. 2010
300 ## - PHYSICAL DESCRIPTION
Extent (ix), 491ms. :
Other physical details il. ;
Dimensions 22cm.
490 1# - SERIES STATEMENT
Series statement Siri pengajian sosial
500 ## - GENERAL NOTE
General note Mengandungi soalan dan jawapan
504 ## - BIBLIOGRAPHY, ETC. NOTE
Bibliography, etc. note Bibliografi : ms. 488-489
650 10 - SUBJECT ADDED ENTRY--TOPICAL TERM
Topical term or geographic name entry element Public service commissions
Geographic subdivision Malaysia
9 (RLIN) 458
650 20 - SUBJECT ADDED ENTRY--TOPICAL TERM
Topical term or geographic name entry element Civil service
Geographic subdivision Malaysia
General subdivision Examinations
9 (RLIN) 459
650 20 - SUBJECT ADDED ENTRY--TOPICAL TERM
Topical term or geographic name entry element Public administration
Geographic subdivision Malaysia
9 (RLIN) 419
830 #0 - SERIES ADDED ENTRY--UNIFORM TITLE
Uniform title Siri pengajian sosial
9 (RLIN) 460
942 ## - ADDED ENTRY ELEMENTS (KOHA)
Source of classification or shelving scheme
Koha item type Book
Holdings
Withdrawn status Lost status Source of classification or shelving scheme Damaged status Not for loan Collection code Home library Current library Shelving location Date acquired Inventory number Total Checkouts Full call number Barcode Date last seen Price effective from Koha item type
          NON-FICTION AKMAL Melaka AKMAL Melaka PINJAMAN 26.04.2017 305831   351.595 MOK 201700585 26.04.2017 26.04.2017 Book
          NON-FICTION AKMAL Melaka AKMAL Melaka PINJAMAN 26.04.2017 305840   351.595 MOK 201700586 26.04.2017 26.04.2017 Book
          NON-FICTION AKMAL Melaka AKMAL Melaka PINJAMAN 26.04.2017 305835   351.595 MOK 201700584 26.04.2017 26.04.2017 Book
          NON-FICTION AKMAL Melaka AKMAL Melaka PINJAMAN 26.04.2017 305832   351.595 MOK 201700583 26.04.2017 26.04.2017 Book
          NON-FICTION AKMAL Melaka AKMAL Melaka PINJAMAN 26.04.2017 305839   351.595 MOK 201700582 26.04.2017 26.04.2017 Book
          NON-FICTION AKMAL Melaka AKMAL Melaka PINJAMAN 26.04.2017 305838   351.595 MOK 201700581 26.04.2017 26.04.2017 Book
          NON-FICTION AKMAL Melaka AKMAL Melaka PINJAMAN 26.04.2017 305836   351.595 MOK 201700580 26.04.2017 26.04.2017 Book
          NON-FICTION AKMAL Melaka AKMAL Melaka PINJAMAN 26.04.2017 305837   351.595 MOK 201700579 26.04.2017 26.04.2017 Book
          NON-FICTION AKMAL Melaka AKMAL Melaka PINJAMAN 26.04.2017 305834   351.595 MOK 201700578 26.04.2017 26.04.2017 Book
          NON-FICTION AKMAL Melaka AKMAL Melaka PINJAMAN 26.04.2017 305833   351.595 MOK 201700577 26.04.2017 26.04.2017 Book
Pusat Sumber Maklumat Dato' Haji Sarmin Md Hussin, Akademi Kastam Diraja Malaysia, Melaka
Tel: 06-2331106 | Faks: 06-2313787